BUSINESS MATH (Record no. 216482)

MARC details
000 -LEADER
fixed length control field 00473nam a22001697a 4500
008 - FIXED-LENGTH DATA ELEMENTS--GENERAL INFORMATION
fixed length control field 260119b |||||||| |||| 00| 0 eng d
020 ## - INTERNATIONAL STANDARD BOOK NUMBER
International Standard Book Number 978-1-256-35596-0
050 ## - LIBRARY OF CONGRESS CALL NUMBER
Classification number HF 5691 .L53 2011
100 ## - MAIN ENTRY--PERSONAL NAME
Personal name LIAL, MARGARET L.
245 ## - TITLE STATEMENT
Title BUSINESS MATH
260 ## - PUBLICATION, DISTRIBUTION, ETC.
Place of publication, distribution, etc. NEW YORK
Name of publisher, distributor, etc. PEARSON LEARNING SOLUTIONS
Date of publication, distribution, etc. 2011
300 ## - PHYSICAL DESCRIPTION
Extent XIV,464P.
500 ## - GENERAL NOTE
General note INCLUDES INDEX
650 ## - SUBJECT ADDED ENTRY
Topical term or geographic name entry element 1. HUNGERFORD, THOMAS, W. 2. HOLCOMB, JOHN P.
942 ## - ADDED ENTRY ELEMENTS (KOHA)
Source of classification or shelving scheme Library of Congress Classification
Koha item type Long Loan Book
Holdings
Withdrawn status Lost status Source of classification or shelving scheme Damaged status Not for loan Collection Home library Current library Shelving location Date acquired Inventory number Total checkouts Full call number Barcode Date last seen Copy number Price effective from Koha item type
    Library of Congress Classification     Business & Economics Kisii University Library Kisii University Library On Display 01/19/2026 85934   HF 5691 .L53 2011 000000023477 01/19/2026 4 01/19/2026 Long Loan Book